000 00834nam a22002057a 4500
999 _c2355
_d2355
003 AR-CdUCM
008 190304b ||||| |||| 00| 0 spa d
040 _aMUNICIPALIDAD PROVINCIAL DEL CUSCO
_cBIBLIOTECA MUNICIPAL DEL CUSCO
082 _22ed.
_a335.4 /
_bO91
100 _aOusset, Jean
_98478
245 _aEl marxismo-leninismo/
260 _aBuenos Aires :
_bEditorial iction,
_c1961
300 _a423 paginas ;
_c20 cm.
505 _aContenido :Comunismo y marxismo -- Bolchevismo y titoismos -- La toma de conciencia, inserción voluntaria en un juego de fuerzas -- Sentido común de lo verdadero y de lo falso, del bien y del mal -- El mundo moderno:Marxista sin saberlo ...
650 _aSocialismo e Iglesia Católica
_98479
650 _aMarxismo
_924
650 _aLeninismo
_9845
942 _2ddc
_cLIBROS
945 _arum